000
00236nam a2200097Ia 4500
005
20251222144830.0
008
251222s9999||||xx |||||||||||||| ||spa||
082
_a
338.938.5/B12
245
0
_a
Reporte de desarrollo sostenible
942
_c
LIB
999
_c
20821
_d
20821